Basic & clinical biostatistics

Bibliographic Details
Format: Book

MARC

LEADER 00000nam a2200000 4500
001 0000000427
005 20200116093000.0
090 0 0 |a duplicate data 
245 0 0 |a Basic & clinical biostatistics   |c Beth Dawson, Robert G. Trapp 
999 |a 1000172812   |b CD-ROM   |c Close Access   |e Gong Badak Campus